000 00837nam a2200301Ia 4500
001 23018
003 IT-RoPAU
008 130308s9999 xx 000 0 und d
040 _aIT-RoPAU
040 _cIT-RoPAU
041 _aINGLESE
100 _aHall Stuart
100 _gCodice Aut. SPICS: 10961
245 _a"Culture, the Media and the ""Ideological Effect"""
245 _bMass Communication And Society
250 _a4a ed.
260 _aLONDON
260 _bArnold Edward
260 _c1983 [1° Ed.:1977 - Ed.Ling.Originale:1977]
300 _a"34 p. (prefazione: no ; testo: 34 [pagine: 315-348])"
500 _aCultura Media ed Effetto Ideologico
650 _aSOCIOLOGIA DELLA COMUNICAZIONE SOCIALE
650 _eCodice materia Spics: 3806
942 _cBK
957 _71
999 _c44259
_d44259
999 _bSI
999 _g1